LIBRARY & INFORMATION CENTRE, KCAET, TAVANUR

ONLINE PUBLIC ACCESS CATALOGUE (OPAC)

Treatise on Hygiene and Public Health / (Record no. 10640)

MARC details
000 -LEADER
fixed length control field 00310cam a2200121ua 4500
082 ## - DEWEY DECIMAL CLASSIFICATION NUMBER
Classification number 613
Item number BIR/TR
100 ## - MAIN ENTRY--AUTHOR NAME
Personal name Birendranath, Ghosh .
245 ## - TITLE STATEMENT
Title Treatise on Hygiene and Public Health /
250 ## - EDITION STATEMENT
Edition statement 15 /
260 ## - PUBLICATION, DISTRIBUTION, ETC. (IMPRINT)
Place of publication Jodhpur :
Name of publisher Scientific Publishers ,
Year of publication 1970.
300 ## - PHYSICAL DESCRIPTION
Number of Pages 744 ; .
942 ## - ADDED ENTRY ELEMENTS (KOHA)
Koha item type Books
Holdings
Withdrawn status Lost status Damaged status Home library Current library Date acquired Full call number Accession Number Koha item type
      KAUAET KAUAET 07/04/2012 613 13234 Books
free website counter